Central Library OPAC University of Rajshahi

The organizational revolution : (Record no. 42404)

MARC details
000 -LEADER
fixed length control field 01136nam a2200337 a 4500
001 - CONTROL NUMBER
control field 42404
003 - CONTROL NUMBER IDENTIFIER
rucl marc code (BD-RJUL)
005 - DATE AND TIME OF LATEST TRANSACTION
control field 20211209053533.0
008 - FIXED-LENGTH DATA ELEMENTS--GENERAL INFORMATION
fixed length control field 160612s1953 nyua 000 0 eng
035 ## - SYSTEM CONTROL NUMBER
System control number MITb10441388
-- (BD-RJUL) 42522
System control number (OCoLC)00172667
System control number GLIS00441388
040 ## - CATALOGING SOURCE
Original cataloging agency DLC
Transcribing agency WSU
Modifying agency m.c.
-- SER
-- (BD-RJUL)
Language of cataloging eng
041 ## - LANGUAGE CODE
Language code of text/sound track or separate title eng
082 ## - DEWEY DECIMAL CLASSIFICATION NUMBER
Edition number 23
Classification number 330.11
Author mark and year BOO 1953
090 ## - LOCALLY ASSIGNED LC-TYPE CALL NUMBER (OCLC); LOCAL CALL NUMBER (OCLC)
Classification number (OCLC) (R) ; Classification number, CALL (RLIN) (NR) HC106
Local cutter number (OCLC) ; Book number/undivided call number, CALL (RLIN) .B763
099 ## - LOCAL FREE-TEXT CALL NUMBER (OCLC)
Bangla Class number HC106.B763
100 1# - MAIN ENTRY--PERSONAL NAME
Personal name Boulding, Kenneth E.
Fuller form of name (Kenneth Ewart),
Dates associated with a name 1910-1993.
9 (RLIN) 130436
245 14 - TITLE STATEMENT
Title The organizational revolution :
Remainder of title a study in the ethics of economic organization/
Statement of responsibility, etc. with a commentary by Reinhold Niebuhr.
250 ## - EDITION STATEMENT
Edition statement 1st ed.
260 ## - PUBLICATION, DISTRIBUTION, ETC. (IMPRINT)
Place of publication, distribution, etc. New York :
Name of publisher, distributor, etc. Harper,
Date of publication, distribution, etc. 1953
300 ## - PHYSICAL DESCRIPTION
Pagination xxxiv, 286 p. :
Illustrations ill. ;
Size 22 cm.
490 1# - SERIES STATEMENT
Series statement Ethics and economics of society
650 #0 - SUBJECT ADDED ENTRY--TOPICAL TERM
Topical term or geographic name as entry element Associations, institutions, etc.
Geographic subdivision United States.
9 (RLIN) 130437
Topical term or geographic name as entry element Social ethics.
9 (RLIN) 130438
651 #0 - SUBJECT ADDED ENTRY--GEOGRAPHIC NAME
Geographic name United States
General subdivision Economic policy.
9 (RLIN) 130439
830 #0 - SERIES ADDED ENTRY--UNIFORM TITLE
Uniform title Ethics and economics of society.
942 ## - ADDED ENTRY ELEMENTS (KOHA)
Source of classification or shelving scheme Dewey Decimal Classification
Koha item type Books
949 ## - LOCAL PROCESSING INFORMATION (OCLC)
a MYGD
-- MYGH
Holdings
Lost status Source of classification or shelving scheme Damaged status Not for loan Collection code Permanent Location Current Location Shelving location Date acquired Source of acquisition Cost, normal purchase price Total Checkouts Full call number Date last seen Copy number Koha item type
  Dewey Decimal Classification     Non-fiction Central Library, University of Rajshahi Central Library, University of Rajshahi   07/08/1956 M.R. 14.00   330.11 BOO 1953 12/06/2016 C-2 Books